000 00283 a2200145 4500
001 163743
020 _a
040 _cMagnum
100 _aDorin, Lannoy
240 1 0 _aA procura do sol
_lpor
245 1 0 _aA procura do sol
362 0 _a1899
697 _aJ/DROGAS
942 _cBK
999 _c163743
_d163743